Идеологи филиппинского национализма

Detalhes bibliográficos
Autor principal: Левинсон Г. И. Георгий Ильич
Autor Corporativo: Академия наук СССР (АН СССР) Институт востоковедения (ИВ)
Idioma:russo
Publicado em: Москва, Наука, 1983
Assuntos:
Formato: MixedMaterials Livro
KOHA link:https://koha.lib.tpu.ru/cgi-bin/koha/opac-detail.pl?biblionumber=134209

MARC

LEADER 00000nam0a2200000 4500
001 134209
005 20231031135611.0
035 |a (RuTPU)RU\TPU\book\145462 
090 |a 134209 
100 |a 20080326d1983 m y0rusy50 ca 
101 0 |a rus 
102 |a RU 
105 |a y z 001zy 
200 1 |a Идеологи филиппинского национализма  |f Г. И. Левинсон  |g Академия наук СССР (АН СССР), Институт востоковедения (ИВ) 
210 |a Москва  |c Наука  |d 1983 
215 |a 192 с. 
320 |a Библиогр.: с. 185-189. 
610 1 |a идеология 
610 1 |a национализм 
610 1 |a Филиппины 
686 |a Ф3(5Ф)  |v LBC/SL-A  |2 rubbk 
700 1 |a Левинсон  |b Г. И.  |g Георгий Ильич 
712 0 2 |a Академия наук СССР (АН СССР)  |b Институт востоковедения (ИВ)  |c (Москва)  |2 stltpush  |3 (RuTPU)RU\TPU\col\11263 
801 1 |a RU  |b 63413507  |c 20080326  |g PSBO 
801 2 |a RU  |b 63413507  |c 20090505  |g PSBO 
942 |c BK